00798nam a2200241 i 4500001001000000003000900010005001700019007000300036008004100039040003000080041000800110082002000118100005000138245007800188250002100266264005000287300002800337336002700365337003300392338002800425500006400453504003900517000039098DO-SdBNP20251008144348.0ta130521s1984 dr 000 0 spa d aDO-SdBNPbspacBNPHUerda aspa 4axxxxbG633m2221 aGómez De Michel, Fiume,eautor4aut.d1941-10aManual de literatura dominicana y américana /cFiume Gómez De Michel. aCuarta edición 1aSanto Domingo :bEditora Alfa y Omega,c1984. a511 páginas ;c27 cm. atextobtxt2rdacontent asin mediaciónbn2rdamedia avolumenbnc2rdacarrier aIncluye datos biográficos del autor en la contracubieta.  aBibliografía : páginas 503-511